| 000 | 00949nam a2200217 a 4500 | ||
|---|---|---|---|
| 005 | 20221019063518.0 | ||
| 008 | 991125s1990 mx 000 0 spa u | ||
| 035 | _aUPN01000000550 | ||
| 049 | _aTES | ||
| 099 | _a7279 | ||
| 100 | 1 | _aGarza Fernández, Beatriz Elena | |
| 245 | 1 | 0 |
_aActividades de enseñanza aprendizaje para que los niños de tercer grado de preescolar desarrollen la operación de clasificación / _cBeatriz Elena Garza Fernández. |
| 260 |
_aCd. Guadalupe, N. L. : _bB. E. Garza Fernández, _c1990. |
||
| 300 | _a44 h. | ||
| 500 | _a"Sistema de Educación a Distancia. Unidad 19B" | ||
| 502 | _aPropuesta pedagógica (Lic. en Educación Preescolar) -- Universidad Pedagógica Nacional, 1990 | ||
| 650 | 2 |
_aClasificación _95262 |
|
| 650 | 4 |
_aMatemáticas _xEstudio y enseñanza (Preescolar) _94038 |
|
| 710 | 2 |
_aUniversidad Pedagógica Nacional (México). _bSistema de Educación a Distancia. _bUnidad 19B _928256 |
|
| 905 | _aTesis | ||
| 999 |
_c550 _d550 |
||